YYC Direct Flights - Statistics

General Stats
  • This quiz has been taken 8 times
  • The average score is 73 of 108
Answers on the Map
Answers color-coded by a green-red scale on the quiz's map according to % correct below.
 
Answer Stats
Answer % Correct
Barcelona-El Prat
100%
Dallas-Fort Worth
100%
Denver
100%
Edmonton
100%
Frankfurt
100%
London England
100%
London Ontario
100%
New York City JFK
100%
Rome-Fiumicino
100%
San Francisco
100%
St. John's
100%
Toronto
100%
Vancouver
100%
Abbotsford
83%
Amsterdam
83%
Anchorage
83%
Atlanta
83%
Austin
83%
Belize City
83%
Boston
83%
Cancún
83%
Charlotte
83%
Chicago
83%
Detroit
83%
Dublin
83%
Edinburgh
83%
Fort Lauderdale-Hollywood
83%
Halifax
83%
Hamilton
83%
Honolulu
83%
Houston
83%
Las Vegas
83%
Los Angeles
83%
Los Cabos
83%
Mexico City
83%
Minneapolis-St. Paul
83%
Montréal
83%
Munich
83%
Nashville
83%
Nassau
83%
Newark-New York
83%
New York City LGA
83%
Orlando
83%
Panama City
83%
Paris
83%
Phoenix
83%
Portland
83%
Québec City
83%
Raleigh-Durham
83%
Regina
83%
Salt Lake City
83%
San Diego
83%
Santa Ana
83%
Seattle-Tacoma
83%
Seoul-Incheon
83%
Tampa
83%
Tokyo-Narita
83%
Victoria
83%
Washington D.C.
83%
Windsor
83%
Winnipeg
83%
Zürich
83%
Charlottetown
67%
Fredericton
67%
Guadalajara
67%
Kahului
67%
Kailua-Kona
67%
Kitchener
67%
Moncton
67%
Ottawa
67%
Palm Springs
67%
Punta Cana
67%
Reykjavík-Keflavík
67%
Saskatoon
67%
Thunder Bay
67%
Tulum
67%
Whitehorse
67%
Yellowknife
67%
Cozumel
50%
Kamloops
50%
Kelowna
50%
Mazatlán
50%
Montego Bay
50%
Nanaimo
50%
Prince George
50%
Puerto Vallarta
50%
Comox
33%
Fort McMurray
33%
Lethbridge
33%
Liberia
33%
Medicine Hat
33%
Penticton
33%
Puerto Plata
33%
Sudbury
33%
Sydney
33%
Terrace-Kitimat
33%
Brandon
17%
Cranbrook
17%
Fort St. John
17%
Grande Prairie
17%
Ixtapa-Zihuatanejo
17%
Varadero/Matanzas
17%
Deer Lake
0%
Huatulco
0%
Loreto
0%
Manzanillo
0%
Puerto Escondido
0%
Tepic
0%
No matching quizzes found
Score Distribution
Percent of People with Each Score
Percentile by Number Answered
Your Score History
You have not taken this quiz